000 00846cam a22002893a 4500
001 1327
003 PGUSA
005 20140828082959.0
008 980501s1998||||xxu|||||s|||||000 1 eng d
040 _aPGUSA
_beng
042 _adc
050 4 _aPR
100 1 _aVon Arnim, Elizabeth,
_d1866-1941
245 1 0 _aElizabeth and Her German Garden
_h[electronic resource] /
_cElizabeth Von Arnim
260 _bProject Gutenberg,
_c1998
506 _aPublic domain in the USA.
516 _aElectronic text
653 _aGardening -- Fiction
653 _aGermany -- Fiction
653 _aWomen gardeners -- Fiction
653 _aBritish -- Germany -- Fiction
653 _aAutobiographical fiction
653 _aGardens -- Fiction
830 0 _aProject Gutenberg
_v1327
856 4 0 _uhttp://www.gutenberg.org/ebooks/1327
942 _cEB
999 _c230675
_d230675